Rock Bands (by Picture) #2 - Statistics

General Stats
  • This quiz has been taken 968 times
  • The average score is 10 of 20
Answer Stats
Picture Answer % Correct
AC/DC
92%
Kiss
91%
Queen
90%
Guns 'N' Roses
89%
ZZ Top
69%
Fleetwood Mac
68%
Aerosmith
61%
Black Sabbath
61%
Iron Maiden
59%
Coldplay
50%
Ramones
44%
The Cranberries
38%
Creedence Clearwater Revival
29%
R.E.M.
27%
Van Halen
26%
Beastie Boys
19%
Dave Matthews Band
18%
Garbage
17%
The Beach Boys
14%
Talking Heads
13%
No matching quizzes found
Score Distribution
Percent of People with Each Score
Percentile by Number Answered
Your Score History
You have not taken this quiz